000 00485nam a22001697a 4500
005 20251108175708.0
008 250721s2019 xx 000 0 ara d
082 1 4 _a658.409/علا
100 1 _aالعلاق، بشير
245 1 0 _aالقيادة الادارية /
264 1 _aعمان :
_bدار اليازوري للنشر والتوزيع،
_c2019.
300 _a(213) ص.
650 1 7 _aالادارة
650 1 7 _aالقيادة
942 _2ddc
_cBK
999 _c140208
_d140208